| 000 | 00500nam a2200157 a 4500 | ||
|---|---|---|---|
| 001 | 000028865 | ||
| 005 | 20200930055203.0 | ||
| 008 | 110412s2004 dr 000 0 spa d | ||
| 040 |
_aDO-SdBNP _bspa _cBNPHU |
||
| 082 |
_axxx _bR457e |
||
| 100 | 1 |
_aReyes Félix, Willian _954754 |
|
| 245 | 1 | 0 |
_aLos espejuelos que me permitieron ver la realidad de mi paíz / _cWillian Reyes Félix. |
| 260 |
_aSan Francisco de Macorís : _bImpresora del Nordeste, _c2004. |
||
| 300 |
_a39 p. : _b21 cm. |
||
| 049 | _aBNPD | ||
| 999 |
_c28357 _d28357 |
||